| 000 | 00761nam a2200229 a 4500 | ||
|---|---|---|---|
| 001 | 000023840 | ||
| 005 | 20250707112615.0 | ||
| 008 | 110114s1986 dr 000 0 spa d | ||
| 040 |
_aDO-SdBNP _bspa _cBNPHU |
||
| 082 |
_a330.156 _bK44te |
||
| 100 | 1 |
_aKeynes, John Maynard, _d1883-1946. _931388 |
|
| 245 | 1 | 0 |
_aTeoría general de la ocupación, el interés y el dinero / _cJohn Maynard Keynes. |
| 260 |
_aSanto Domingo : _bAlfa y omega, _c1986. |
||
| 300 |
_a356 p. ; _c22 cm. |
||
| 504 | _aIncluye bibliografía y notas al pie de páginas. | ||
| 590 | _aInventariado, 2018/ YL | ||
| 650 | 4 |
_aEconomía keynesiana _949052 |
|
| 650 | 4 |
_aDinero _949053 |
|
| 650 | 0 |
_aEconomia _985383 |
|
| 650 | 4 |
_aInterés _97897 |
|
| 910 | _aValidado. Control de calidad EMS | ||
| 999 |
_c23336 _d23336 |
||